Catalogue de la Bibliothèque de l'ENSA

Science and management of small pelagics (notice nᵒ 26294)

détails MARC
000 -LEADER
fixed length control field 00771nam a2200193Ia 4500
037 ## - SOURCE D'ACQUISITION
Cote BC_1423 09
040 ## - SOURCE DU CATALOGAGE
Source du catalogage BC-ENSA
Langue du catalogage fre
041 ## - CODE DE LANGUE
Langue Français
100 ## - VEDETTE PRINCIPALE - AUTEUR PRINCIPAL
Auteur GARCIA, Serge
111 ## - CONGRES
Titre Symposium sur la science et le défi de l'aménagement des pêcheries de petits pélagiques sur les stocks partagés en Afrique nord-occidentale
Lieu Rome
Date texte 11/03/2008-14/03/2008
245 ## - MENTION DU TITRE
Titre Science and management of small pelagics
Mention de responsabilité Serge Garcia, Merete Tandstad, Ana Maria Caramelo
246 ## - VARIANTE DU TITRE
Titre parallèle science et aménagement des petits pélagiques
260 ## - PUBLICATION, DIFFUSION, ETC. (ADRESSE BIBLIOGRAPHIQUE)
Lieu d'édition Rome
Nom de l'éditeur FAO
Année d'édition 2012
300 ## - PHYSICAL DESCRIPTION
Illustration ill.
Nombre de pages 403 p.
Format 30 cm
562 ## - COPY AND VERSION IDENTIFICATION NOTE
Nombre d'exemplaire 01 exemplaire(s)
942 ## - ADDED ENTRY ELEMENTS (KOHA)
Type document Actes de Congrès
490 ## - MENTION DE COLLECTION
Titre Collection FAO Fisheries and Aquaculture Proceedings
650 ## - DESCRIPTEURS
Agrovoc PECHES/PECHE PELAGIQUE/GESTION DES PECHES/POLITIQUE DES PECHES/AFRIQUE OCCIDENTALE
Exemplaires
statut de retrait Statut Emplacement permanent Localisation actuelle Prix d'achat Cote Code à barre Koha type d'élément
    Bibliothèque Centrale Bibliothèque Centrale 0.00 BC_1423 09 BC_1423 09 Actes de Congrès

Adresse: Ecole Nationale Supérieure Agronomique Hassen Badi - El Harrach Alger, Algérie

Tél +213 (0) 23 82 85 07+213 (0) 23 82 85 12 Fax +213 23 82 85 03/04 Courriel: bibliotheque@edu.ensa.dz